| 000 | 00948cam a22003374a 4500 | ||
|---|---|---|---|
| 001 | 14167168 | ||
| 005 | 20180215090841.0 | ||
| 008 | 051103s2006 paua b 001 0 eng | ||
| 010 | _a 2005032348 | ||
| 015 |
_aGBA617029 _2bnb |
||
| 016 | 7 |
_a101261041 _2DNLM |
|
| 016 | 7 |
_a013386574 _2Uk |
|
| 020 | _a0781794854 | ||
| 035 | _a(OCoLC)ocm62302298 | ||
| 040 |
_aDNLM/DLC _cDLC _dYDXCP _dNLM _dUKM _dBAKER _dUBY _dNLGGC _dOCLCQ _dDLC |
||
| 041 | _aeng | ||
| 042 | _apcc | ||
| 060 | 1 | 0 |
_aQS 604 _bS126L 2006 |
| 080 | _a612.64 SAD | ||
| 082 | 0 | 0 |
_a612.64 SAD _222 |
| 084 |
_a44.34 _2bcl |
||
| 084 |
_a44.36 _2bcl |
||
| 100 | 1 | _a10 | |
| 101 | _aGJIN | ||
| 245 | 1 | 0 | _aLangman's medical embryology. |
| 246 | 3 | 0 | _aMedical embryology |
| 504 | _aIncludes bibliographical references and index. | ||
| 906 |
_a7 _bcbc _corignew _d1 _eecip _f20 _gy-gencatlg |
||
| 942 |
_2ddc _cBK |
||
| 999 |
_c42695 _d42695 |
||